000 00868nam a2200265 a 4500
008
020 _a0750604379 (pbk.)
049 _aMAIN
090 _aTK5104
100 1 _aLewis, Geoffrey E.
245 1 0 _aCommunication services via satellite :
_ba handbook for design, installation, and service engineers /
_cGeoffrey E. Lewis.
250 _a2nd ed.
260 _aOxford :
_bButterworth Heinemann,
_c1988.
300 _axiii, 386 p. :
_bill. ;
_c24 cm.
504 _aIncludes bibliographical references.
500 _aIncludes index.
650 0 _aArtificial satellites in telecommunication.
650 0 _aTelevision
_xReceivers and reception.
650 0 _aSignal processing.
907 _a.b10125164
_b09-06-04
_c07-06-04
003
005 20230123133730.0
040 _cNUST
942 _cBOOKS
_kTK5104
999 _c153659
_d153659